00406nam a2200145 i 450000100060000000300090000600500170001500700030003200800410003510000370007624500330011326000610014630000220020785200310022978554ES-MaACL20250205063040.0t|041014s1948 sp ||||1| spa d1 aHalcón, Manuel,dca. 1900-198910aCuentos / cManuel Halcón. aMadrid : bM. Aguilar, c[1948] (fSucs. de Rivadeneyra) a213 p. ; c18 cm. aES-MaACLjB-7566 bR.28762